Defusing pseudo-scholarship : (Registro nro. 53758)
[ vista simple ]
| 000 -LÍDER | |
|---|---|
| Campo fijo de descripción fija | 01538aas a2200229 4500 |
| 001 - NÚMERO DE CONTROL | |
| Campo de control | 768714001 |
| 003 - IDENTIFICADOR DEL NÚMERO DE CONTROL | |
| Campo de control | CO-MdFUSB |
| 005 - FECHA Y HORA DE LA ULTIMA TRANSACCIÓN | |
| control field | 20171109163107.0 |
| 008 - ELEMENTOS DE LONGITUD FIJA -- INFORMACIÓN GENERAL | |
| Campo fijo de descripción fija -- Información general | 170728s1997 xxu||||| |||| 00| 0 eng d |
| 022 ## - NÚMERO INTERNACIONAL NORMALIZADO PARA PUBLICACIONES SERIADAS | |
| Número Internacional Normalizado para Publicaciones Seriadas | 0098-9444 |
| 040 ## - FUENTE DE CATALOGACIÓN | |
| Agencia Catalogadora | CO-MdFUSB |
| Idioma de catalogación | spa |
| Agencia que realiza la transcripción | CO-MdFUSB |
| Agencia que realiza la modificación | CO-MdFUSB |
| 041 ## - CÓDIGO DE IDIOMA | |
| Código de idioma para texto/pista de sonido o título separado | eng |
| 100 1# - ASIENTO PRINCIPAL--NOMBRE PERSONAL | |
| Nombre personal | Hackett, Jo Ann ...[et. al.] |
| Término relacionador | autor |
| 242 10 - TRADUCCIÓN DEL TÍTULO POR AGENCIA CATALOGADORA | |
| Traducción del título | Desactivando pseudo-beca : |
| Traducción del subtítulo | la inscripción de Siloam no es hasmonean |
| 245 10 - TÍTULO | |
| Título | Defusing pseudo-scholarship : |
| Subtitulo | he Siloam inscription ain't hasmonean |
| Mención de responsabilidad | / Jo Ann Hackett |
| 300 ## - DESCRIPCIÓN FÍSICA | |
| Extensión | Volumen 23. Número 2 (1997), páginas 41-50 |
| Dimensiones | : 28 cm. |
| 520 1# - NOTA DE RESUMEN, ETC. | |
| Nota de sumario, etc. | Dos eruditos británicos causaron recientemente un escándalo académico cuando argumentaron que la famosa inscripción de Siloé, tallada en un túnel debajo de Jerusalén para conmemorar la finalización del túnel que se cree fue excavado por el rey Ezequías para traer agua a la ciudad durante un antiguo asedio. En realidad, fecha 500 años después. Si los estudiosos británicos tienen razón, no solo se cuestiona la fecha del túnel: también lo son las fechas de muchas otras inscripciones importantes relacionadas con el texto del túnel. Le pedimos a un panel de los principales epigrafistas del mundo que evaluaran el nuevo reclamo, y el veredicto es unánime: no contendrá ninguna respuesta. |
| 546 ## - NOTA DE IDIOMA | |
| Nota de idioma | Texto en inglés |
| 650 #7 - ASIENTO SECUNDARIO DE MATERIA - TERMINO TEMÁTICO | |
| 9 (RLIN) | 403 |
| Término temático o nombre geográfico como elemento de entrada | Excavaciones arqueológicas |
| 773 0# - ASIENTO DE ITEM FUENTE | |
| Título | Biblical Archaeology Review |
| Biblionumber | 49395 |
| Itemnumber | 59491 |
| Parte(s) relacionada(s) / Volumen., número. (mes año), páginas | Volumen 23. Número 2 (1997), páginas 41-50 |
| Enumeración y primera página | Página 41 |
| 942 ## - TIPO DE MATERIAL (KOHA) | |
| Tipo de Item KOHA | Artículos de Revista |
| Expurgo - (Retirado) | Estado de Perdido | Estado de Dañado | No prestable | Colección | Ubicación habitual | Ubicación actual | Fecha de Adquisición | Signatura Topográfica | Tipo de Material |
|---|---|---|---|---|---|---|---|---|---|
| Colección de Hemeroteca | Biblioteca FUSBC | Biblioteca FUSBC | 26/01/2016 | Artículos de Revista |
